| 000 | 01164nam1a2200301 i 4500 | ||
|---|---|---|---|
| 001 | RU\NLR\bibl\512267 | ||
| 005 | 20260407094633.0 | ||
| 035 | _a(NLR Aleph) 000504757 | ||
| 090 |
_a1195858 _c1195858 |
||
| 100 | _a20040416g20039999u y0rusy50 ca | ||
| 101 | 0 | _arus | |
| 102 | _aRU | ||
| 105 | _a||||z ||||| | ||
| 200 | 1 |
_aВедущие менеджеры и экономисты России _fМеждунар. акад. реал. экономики |
|
| 205 | _aСпец. изд. | ||
| 210 |
_aМ. _cМАРЭ _d2003 |
||
| 215 | _d30 | ||
| 463 | 0 | _1001502901 | |
| 606 | 0 |
_aМенеджеры _jСправочники _yРоссийская Федерация _92266154 _3RU\NLR\auth\661358468 |
|
| 606 | 0 |
_aЭкономисты _jСправочники _yРоссийская Федерация _92090435 _3RU\NLR\auth\661265306 |
|
| 686 | _aУ24(2)920.12я2 | ||
| 686 | _aУ.д(2)я2 | ||
| 711 | 0 | 2 |
_aМеждународная академия реальной экономики _cМосква _9605326 _3RU\NLR\AUTH\8810052463 |
| 801 | 0 |
_aRU _bNLR _c20040416 _gPSBO |
|
| 801 | 1 |
_aRU _bNLR _c20040416 |
|
| 852 |
_aNLR _j2004-8/751 |
||
| 942 | _cBOOK | ||